000 00472nam a22001937a 4500
003 CEME
005 20210628202941.0
008 210126b xxu||||| |||| 00| 0 eng d
020 _a007-124493-X
040 _c.
082 _a532.0533 WHI
100 _aWhite, Frank .M
_93282
245 _aViscous fluid flow
250 _a3RD
260 _aNEW YORK
_bMCGRAW HILL
_c2006
300 _aXXI,629 P
650 _aFLUID FLOW.VISCOUS FLUID FLOW
_962505
942 _cBK
_2ddc
999 _c571595
_d571595